[Event "Henderson Trusts op-A 43rd"]
[Site "Henderson"]
[Date "2021.06.07"]
[Round "5"]
[White "Hair, Philip I"]
[Black "Cilia Vincenti, David"]
[Result "0-1"]
[WhiteElo "1801"]
[BlackElo "2093"]
[PlyCount "54"]
[EventDate "2021.06.05"]
[EventType "swiss"]
[EventRounds "6"]
[EventCountry "NZL"]
[SourceTitle "EXT 2024"]
[Source "ChessBase"]
[SourceDate "2023.10.10"]
[SourceVersion "1"]
[SourceVersionDate "2023.10.10"]
[SourceQuality "1"]

1. e4 e5 2. Nf3 Nc6 3. c3 d5 4. Qa4 f6 5. d3 Nge7 6. Be2 Qd6 7. 0-0 Bd7 8. Qc2 g5 9. b4 Ng6 10. b5 Nd8 11. a4 g4 12. Ba3 Qe6 13. Ne1 Nf4 14. exd5 Qxd5 15. c4 Qf7 16. Bb2 Bf5 17. Qd1 Nde6 18. d4 Nxe2+ 19. Qxe2 Nf4 20. Qe3 Bh6 21. Qb3 exd4 22. Na3 0-0 23. Kh1 Rad8 24. Bc1 d3 25. Bd2 Rfe8 26. Qb4 Re2 27. c5 Nd5 0-1

[Event "NZL-ch op 126th"]
[Site "Auckland"]
[Date "2019.01.17"]
[Round "4"]
[White "Hair, Philip I"]
[Black "Metge, J Nigel"]
[Result "1/2-1/2"]
[WhiteElo "1836"]
[BlackElo "2069"]
[PlyCount "77"]
[EventDate "2019.01.14"]
[EventType "swiss"]
[EventRounds "9"]
[EventCountry "NZL"]
[SourceTitle "CBM 188 Extra"]
[Source "ChessBase"]
[SourceDate "2019.02.26"]
[SourceVersion "1"]
[SourceVersionDate "2019.02.26"]
[SourceQuality "1"]

1. e4 e6 2. Nf3 d5 3. Nc3 Nf6 4. e5 Nfd7 5. d4 c5 6. dxc5 Nc6 7. Bf4 Bxc5 8. Bd3 a6 9. 0-0 Be7 10. Qd2 Nc5 11. Rfe1 Nxd3 12. Qxd3 0-0 13. Rad1 Bd7 14. a3 Rc8 15. Nd2 Bg5 16. Bg3 f5 17. exf6 Bxf6 18. Nde4 Be5 19. Nd6 Bxg3 20. hxg3 Qf6 21. f4 Rc7 22. Nxd5 exd5 23. Qxd5+ Kh8 24. Ne4 Qe6 25. Qc5 Re8 26. Qb6 Rcc8 27. Nd6 Qxe1+ 28. Rxe1 Rxe1+ 29. Kf2 Re6 30. Nxc8 Bxc8 31. Qc7 Re8 32. Qf7 Rd8 33. Ke3 h6 34. g4 Kh7 35. g5 Rd6 36. gxh6 Re6+ 37. Kd3 Rd6+ 38. Ke3 Re6+ 39. Kd3 1/2-1/2

[Event "NZL-ch op 126th"]
[Site "Auckland"]
[Date "2019.01.15"]
[Round "2"]
[White "Hair, Philip I"]
[Black "Wang, Kayson"]
[Result "1/2-1/2"]
[WhiteElo "1836"]
[BlackElo "1983"]
[PlyCount "88"]
[EventDate "2019.01.14"]
[EventType "swiss"]
[EventRounds "9"]
[EventCountry "NZL"]
[SourceTitle "CBM 188 Extra"]
[Source "ChessBase"]
[SourceDate "2019.02.26"]
[SourceVersion "1"]
[SourceVersionDate "2019.02.26"]
[SourceQuality "1"]

1. e4 e6 2. Nf3 d5 3. Nc3 d4 4. Ne2 c5 5. c3 Nf6 6. d3 Nc6 7. g3 e5 8. Bg2 h6 9. 0-0 Be6 10. c4 Qd7 11. Ne1 Ng8 12. f4 f6 13. Nf3 Bd6 14. a3 Nge7 15. Bd2 f5 16. Nxe5 Bxe5 17. fxe5 Nxe5 18. Bf4 N7c6 19. Qd2 g5 20. Bxe5 Nxe5 21. Rae1 0-0-0 22. exf5 Bxf5 23. Nc1 Ng4 24. b4 Ne3 25. Rf2 cxb4 26. axb4 Rde8 27. Nb3 Re7 28. Nc5 Qd8 29. Be4 Bxe4 30. Nxe4 Rhe8 31. c5 Kb8 32. b5 Rf8 33. b6 a6 34. Ree2 Ng4 35. Rxf8 Qxf8 36. h3 Ne5 37. Qa2 Nxd3 38. Qd5 Ne5 39. Rf2 Qe8 40. Qd6+ Ka8 41. Qxh6 Nf3+ 42. Rxf3 Rxe4 43. Rf8 Re1+ 44. Kf2 Re2+ 1/2-1/2

[Event "Auckland Trusts op 41st"]
[Site "Auckland"]
[Date "2018.06.02"]
[Round "1"]
[White "Hair, Philip I"]
[Black "Duneas, John"]
[Result "0-1"]
[WhiteElo "1894"]
[BlackElo "2146"]
[PlyCount "82"]
[EventDate "2018.06.02"]
[EventType "swiss"]
[EventRounds "6"]
[EventCountry "NZL"]
[SourceTitle "EXT 2019"]
[Source "ChessBase"]
[SourceDate "2018.10.10"]
[SourceVersion "1"]
[SourceVersionDate "2018.10.10"]
[SourceQuality "1"]

1. e4 e6 2. d4 d5 3. Bd3 c5 4. exd5 exd5 5. Nf3 Nf6 6. 0-0 c4 7. Re1+ Be7 8. Bf1 Bg4 9. b3 cxb3 10. axb3 0-0 11. h3 Bh5 12. c4 Nc6 13. Bb2 Bb4 14. Re3 Qd6 15. Na3 Rfe8 16. Nc2 Rxe3 17. Nxe3 Re8 18. Be2 a5 19. Ne5 Bxe2 20. Qxe2 dxc4 21. Qxc4 Nd8 22. Rc1 Ne6 23. d5 Nc5 24. N5g4 Nxg4 25. Qxg4 Qg6 26. Nf5 Qxg4 27. hxg4 Nd3 28. Rc2 Nxb2 29. Rxb2 Re1+ 30. Kh2 g6 31. Ne3 Bc5 32. Nc4 Rd1 33. Nxa5 b6 34. Nc4 Rxd5 35. b4 Bd4 36. Rd2 b5 37. Rc2 bxc4 38. Rxc4 Bxf2 39. Rf4 Be1 40. Re4 Bd2 41. Re8+ Kg7 0-1

[Event "Asia-ch Seniors 50 8th"]
[Site "Auckland"]
[Date "2017.10.14"]
[Round "8"]
[White "Shrestha, Sujendra Prasad"]
[Black "Hair, Philip I"]
[Result "1-0"]
[WhiteElo "1900"]
[BlackElo "1829"]
[PlyCount "95"]
[EventDate "2017.10.09"]
[EventType "swiss"]
[EventRounds "9"]
[EventCountry "NZL"]
[SourceTitle "CBM 181 Extra"]
[Source "ChessBase"]
[SourceDate "2017.12.12"]
[SourceVersion "1"]
[SourceVersionDate "2017.12.12"]
[SourceQuality "1"]

1. e4 Nc6 2. d4 d5 3. e5 a6 4. c3 f6 5. f4 Nh6 6. Bd3 Bg4 7. Ne2 e6 8. 0-0 Bf5 9. Bxf5 Nxf5 10. g4 Nh6 11. Ng3 fxe5 12. fxe5 Qh4 13. g5 Ng4 14. Qe2 h5 15. Qg2 Be7 16. h3 Bxg5 17. Bxg5 Qxg5 18. hxg4 Qxg4 19. Nd2 0-0-0 20. Ne2 Qxg2+ 21. Kxg2 Ne7 22. Rf7 Nf5 23. Nf3 g5 24. Ng3 Ne3+ 25. Kh1 h4 26. Nf1 Nxf1 27. Rxf1 Rdg8 28. Nh2 g4 29. Re7 g3 30. Rff7 gxh2 31. Rxc7+ Kb8 32. Rxb7+ Ka8 33. Rg7 h3 34. Kxh2 Rf8 35. Rbf7 Rxf7 36. Rxf7 Rh4 37. Rf6 Re4 38. Kxh3 Re2 39. Rxe6 Kb7 40. Rd6 Rxb2 41. Rxd5 Rxa2 42. Kg3 Re2 43. Kf4 Kb6 44. c4 a5 45. Rd6+ Kb7 46. c5 a4 47. Rb6+ Ka7 48. Rb4 1-0

[Event "Asia-ch Seniors 50 8th"]
[Site "Auckland"]
[Date "2017.10.12"]
[Round "6"]
[White "Lim, Benjamin U"]
[Black "Hair, Philip I"]
[Result "1-0"]
[WhiteElo "1952"]
[BlackElo "1829"]
[PlyCount "69"]
[EventDate "2017.10.09"]
[EventType "swiss"]
[EventRounds "9"]
[EventCountry "NZL"]
[SourceTitle "CBM 181 Extra"]
[Source "ChessBase"]
[SourceDate "2017.12.12"]
[SourceVersion "1"]
[SourceVersionDate "2017.12.12"]
[SourceQuality "1"]

1. e4 Nc6 2. Nf3 d6 3. Bb5 e5 4. d4 Bd7 5. c3 g6 6. 0-0 Bg7 7. Be3 Nh6 8. h3 f6 9. Bc4 Qe7 10. a4 a5 11. Na3 Nf7 12. Nb5 Bc8 13. Bxf7+ Qxf7 14. d5 Nb8 15. Bb6 Na6 16. Bxc7 0-0 17. Bxd6 Rd8 18. Ba3 f5 19. Nd6 Qf6 20. Nxc8 Raxc8 21. d6 Kh8 22. Qd5 fxe4 23. Nd2 b6 24. Nxe4 Qf5 25. Ng3 Qf4 26. Qe4 Qf7 27. Qe2 Nc5 28. Bxc5 bxc5 29. Rfd1 Rc6 30. Ne4 c4 31. Qg4 h6 32. Rd2 Rd7 33. Rad1 Kg8 34. Rd5 Bf8 35. Qxd7 1-0

[Event "Asia-ch Seniors 50 8th"]
[Site "Auckland"]
[Date "2017.10.09"]
[Round "1"]
[White "Hair, Philip I"]
[Black "Chan, Peng Kong"]
[Result "0-1"]
[WhiteElo "1829"]
[BlackElo "2170"]
[PlyCount "94"]
[EventDate "2017.10.09"]
[EventType "swiss"]
[EventRounds "9"]
[EventCountry "NZL"]
[SourceTitle "CBM 181 Extra"]
[Source "ChessBase"]
[SourceDate "2017.12.12"]
[SourceVersion "1"]
[SourceVersionDate "2017.12.12"]
[SourceQuality "1"]

1. e4 c5 2. Nc3 Nc6 3. g3 g6 4. Bg2 Bg7 5. d3 e6 6. Be3 d6 7. Qd2 Nd4 8. f4 Ne7 9. Nd1 e5 10. c3 exf4 11. Bxf4 Ne6 12. Bh6 Bxh6 13. Qxh6 Ng8 14. Qd2 Nf6 15. Ne3 0-0 16. Ne2 Bd7 17. 0-0 Bc6 18. Nf4 Ng7 19. Rae1 Rc8 20. Nfd5 Bxd5 21. exd5 Rc7 22. Qf2 Nge8 23. g4 Re7 24. h4 Nd7 25. Qg3 b5 26. g5 f5 27. gxf6 Ndxf6 28. Nf5 Rxe1 29. Rxe1 Kh8 30. Nh6 Ng7 31. Qg5 Qc7 32. Rf1 Qe7 33. Ng4 Ng8 34. Rxf8 Qxf8 35. Be4 Qe7 36. Nh6 Qf8 37. Ng4 Nh5 38. Nf2 Nf4 39. Kh2 Nxd5 40. Qxd5 Qxf2+ 41. Kh3 Qf4 42. Qa8 Kg7 43. Qxa7+ Kh6 44. Qd7 Nf6 45. Qe6 Kh5 46. Kg2 Ng4 47. Bf3 Qh2+ 0-1

[Event "Oceania zt 3.6"]
[Site "Auckland"]
[Date "2017.01.16"]
[Round "4"]
[White "Hair, Philip I"]
[Black "Nylund, Timothy"]
[Result "1-0"]
[WhiteElo "1877"]
[BlackElo "1346"]
[PlyCount "75"]
[EventDate "2017.01.14"]
[EventType "swiss"]
[EventRounds "9"]
[EventCountry "NZL"]
[SourceTitle "EXT 2018"]
[Source "ChessBase"]
[SourceDate "2017.10.13"]
[SourceVersion "1"]
[SourceVersionDate "2017.10.13"]
[SourceQuality "1"]

1. e4 c5 2. Nc3 d6 3. g3 Nc6 4. Bg2 Nf6 5. d3 g6 6. h3 Bg7 7. Be3 0-0 8. Qd2 e6 9. Bh6 Nd4 10. Bxg7 Kxg7 11. Nce2 Qb6 12. c3 Nc6 13. f4 e5 14. g4 Rd8 15. f5 d5 16. g5 Nh5 17. f6+ Kg8 18. exd5 Na5 19. c4 Bf5 20. b3 Rd6 21. Be4 Bxe4 22. dxe4 Nc6 23. Rc1 Nd4 24. Nxd4 Ng3 25. Nb5 Nxh1 26. Nxd6 Qxd6 27. Qg2 Qa6 28. Rc2 Qa5+ 29. Kd1 Rd8 30. Qxh1 b5 31. Qg2 bxc4 32. Rxc4 a6 33. Nf3 Qc7 34. Ne1 Kf8 35. Nd3 Rc8 36. Nxc5 Qxc5 37. Rxc5 Rxc5 38. Qf2 1-0

[Event "Auckland North Shore op 43rd"]
[Site "Auckland"]
[Date "2016.08.20"]
[Round "1"]
[White "Hair, Philip I"]
[Black "Gong, Daniel Hanwen"]
[Result "0-1"]
[WhiteElo "1890"]
[BlackElo "2126"]
[PlyCount "138"]
[EventDate "2016.08.20"]
[EventType "swiss"]
[EventRounds "5"]
[EventCountry "NZL"]
[SourceTitle "CBM 174 Extra"]
[Source "ChessBase"]
[SourceDate "2016.10.10"]
[SourceVersion "1"]
[SourceVersionDate "2016.10.10"]
[SourceQuality "1"]

1. e4 c5 2. Nc3 a6 3. g3 b5 4. Bg2 Bb7 5. d3 e6 6. Nh3 Be7 7. f4 d5 8. 0-0 Nf6 9. f5 b4 10. fxe6 fxe6 11. Nf4 Qd6 12. e5 Qxe5 13. Re1 Qc7 14. Nxe6 Qb6 15. Na4 Qc6 16. Naxc5 Bxc5+ 17. Nxc5+ Kf7 18. d4 Nbd7 19. Re6 Qxe6 20. Nxe6 Kxe6 21. Qe1+ Kf7 22. Qxb4 Bc6 23. Qd6 Rac8 24. Bh3 Rhe8 25. Bg5 Ne4 26. Qf4+ Kg8 27. Qh4 h6 28. Bf4 Rcd8 29. Bxh6 gxh6 30. Qxh6 Ndf6 31. Qg6+ Kf8 32. Qh6+ Kg8 33. Rf1 Rd6 34. Qg6+ Kf8 35. Rf5 Bd7 36. Re5 Bxh3 37. Qh6+ Kf7 38. Qxh3 Rde6 39. Qf5 Nd2 40. Qf2 Nc4 41. Rxe6 Rxe6 42. c3 Ke7 43. Qf4 Nxb2 44. Qc7+ Nd7 45. Qb7 Nd1 46. Qb4+ Kf7 47. Qb7 Ke8 48. Qc8+ Ke7 49. Qb7 Ne3 50. Qb4+ Ke8 51. Qa4 Ke7 52. Qb4+ Kf7 53. Qb7 Ke8 54. Qc8+ Ke7 55. Qc7 Rf6 56. h4 Nf5 57. h5 Nd6 58. g4 Rf4 59. Qa5 Rxg4+ 60. Kf1 Ke6 61. Qxa6 Rh4 62. Qe2+ Ne4 63. Kg2 Ndf6 64. a4 Nxh5 65. Kg1 Rh1+ 66. Kxh1 Nhg3+ 67. Kg2 Nxe2 68. a5 N2xc3 69. Kf3 Kd6 0-1

[Event "George Trundle Reserves"]
[Site "Auckland"]
[Date "2016.07.17"]
[Round "9"]
[White "Mukkattu, Philip"]
[Black "Hair, Philip I"]
[Result "0-1"]
[WhiteElo "1658"]
[BlackElo "1907"]
[PlyCount "114"]
[EventDate "2016.07.09"]
[EventType "tourn"]
[EventRounds "9"]
[EventCountry "NZL"]
[SourceTitle "EXT 2018"]
[Source "ChessBase"]
[SourceDate "2017.10.13"]
[SourceVersion "1"]
[SourceVersionDate "2017.10.13"]
[SourceQuality "1"]

1. d4 Nf6 2. c4 d6 3. Nf3 c6 4. Nc3 Qc7 5. Bf4 Nbd7 6. e4 e5 7. dxe5 dxe5 8. Bg5 Bb4 9. Qc2 0-0 10. h3 h6 11. Bd2 Nc5 12. a3 Bxc3 13. Bxc3 Ncxe4 14. Bxe5 Qb6 15. Bd4 c5 16. Be3 Qa5+ 17. Nd2 Bf5 18. Bd3 Nxd2 19. Bxd2 Bxd3 20. Qxd3 Rfe8+ 21. Kf1 Rad8 22. Bxa5 Rxd3 23. f3 b6 24. Bc3 Nh5 25. Kf2 Nf4 26. Rhe1 Red8 27. Re7 R8d7 28. Rxd7 Rxd7 29. h4 g5 30. g3 Ne6 31. hxg5 hxg5 32. Rh1 Nd4 33. Rh5 f6 34. f4 gxf4 35. gxf4 Kg7 36. Rd5 Rxd5 37. cxd5 Nf5 38. Kf3 Kf7 39. b4 Ke7 40. bxc5 bxc5 41. a4 Nd6 42. Kg4 Ne4 43. Bb2 Kd6 44. Kf5 Kxd5 45. a5 a6 46. Kg6 c4 47. Kf7 f5 48. Ke7 c3 49. Bc1 Nd2 50. Kd7 Nb3 51. Ba3 Nxa5 52. Kc7 Nc4 53. Bc1 a5 54. Kb7 a4 55. Ka6 a3 56. Bxa3 Nxa3 57. Ka5 c2 0-1

[Event "George Trundle Reserves"]
[Site "Auckland"]
[Date "2016.07.13"]
[Round "5"]
[White "Eade, Don"]
[Black "Hair, Philip I"]
[Result "0-1"]
[WhiteElo "1837"]
[BlackElo "1907"]
[PlyCount "66"]
[EventDate "2016.07.09"]
[EventType "tourn"]
[EventRounds "9"]
[EventCountry "NZL"]
[SourceTitle "EXT 2018"]
[Source "ChessBase"]
[SourceDate "2017.10.13"]
[SourceVersion "1"]
[SourceVersionDate "2017.10.13"]
[SourceQuality "1"]

1. d4 Nf6 2. c4 d6 3. Nf3 c6 4. Nc3 Bg4 5. e4 Nbd7 6. Be2 e5 7. 0-0 Be7 8. Be3 a5 9. Qc2 0-0 10. Rad1 Qc7 11. h3 Bh5 12. Nh4 Bxe2 13. Qxe2 g6 14. Bg5 Rfe8 15. dxe5 dxe5 16. f4 Qb6+ 17. Kh2 exf4 18. Rxf4 Nd5 19. Nxd5 cxd5 20. Bxe7 Rxe7 21. cxd5 Qd6 22. g3 Nf6 23. Qd3 Rae8 24. Re1 Nh5 25. Rf2 Rxe4 26. Rxe4 Rxe4 27. Ng2 Re5 28. Ne3 Nxg3 29. Ng4 Ne4 30. Rf4 Rf5 31. Nh6+ Kf8 32. Nxf5 Qxf4+ 33. Ng3 Qf2+ 0-1

[Event "George Trundle Reserves"]
[Site "Auckland"]
[Date "2016.07.09"]
[Round "1"]
[White "Lyall, Simon"]
[Black "Hair, Philip I"]
[Result "1/2-1/2"]
[WhiteElo "1762"]
[BlackElo "1907"]
[PlyCount "45"]
[EventDate "2016.07.09"]
[EventType "tourn"]
[EventRounds "9"]
[EventCountry "NZL"]
[SourceTitle "EXT 2018"]
[Source "ChessBase"]
[SourceDate "2017.10.13"]
[SourceVersion "1"]
[SourceVersionDate "2017.10.13"]
[SourceQuality "1"]

1. e4 e6 2. d4 d5 3. e5 b6 4. Nf3 Ba6 5. Bd3 Bxd3 6. Qxd3 c5 7. c3 Nd7 8. 0-0 Ne7 9. Re1 c4 10. Qc2 b5 11. Bg5 h6 12. Bh4 Qc8 13. Nbd2 Nf5 14. g4 Nxh4 15. Nxh4 Be7 16. Ng6 fxg6 17. Qxg6+ Kf8 18. Re3 Bg5 19. Rf3+ Nf6 20. exf6 gxf6 21. Rxf6+ Bxf6 22. Qxf6+ Kg8 23. Qg6+ 1/2-1/2

[Event "NZL-ch op 123rd"]
[Site "Auckland"]
[Date "2016.01.09"]
[Round "8"]
[White "Li, William Xiang Wei"]
[Black "Hair, Philip I"]
[Result "1-0"]
[WhiteElo "2030"]
[BlackElo "1932"]
[PlyCount "125"]
[EventDate "2016.01.02"]
[EventType "swiss"]
[EventRounds "9"]
[EventCountry "NZL"]
[SourceTitle "CBM 170 Extra"]
[Source "ChessBase"]
[SourceDate "2016.02.25"]
[SourceVersion "1"]
[SourceVersionDate "2016.02.25"]
[SourceQuality "1"]

1. d4 Nf6 2. c4 d6 3. Nc3 c6 4. e4 e5 5. Nf3 Qc7 6. Be2 Be7 7. 0-0 Bg4 8. Be3 0-0 9. Rc1 a5 10. a3 Na6 11. Rb1 Rfe8 12. Qc2 Bd7 13. Rfc1 Rac8 14. dxe5 dxe5 15. Na4 c5 16. Nc3 b6 17. Bd3 Ng4 18. Bd2 Nb8 19. Nd5 Qd6 20. Bc3 Bd8 21. Rd1 Nc6 22. h3 Nf6 23. Qd2 Nd4 24. Bxd4 cxd4 25. b4 Nxd5 26. cxd5 Qg6 27. Kh1 f5 28. exf5 Bxf5 29. Bxf5 Qxf5 30. Qe2 Rc2 31. Nxd4 Rxe2 32. Nxf5 Rxf2 33. Nd6 Ref8 34. bxa5 bxa5 35. Nc4 e4 36. Rd4 Re2 37. d6 Bh4 38. d7 Bf6 39. Rdd1 Bd8 40. Re1 Rxe1+ 41. Rxe1 Bc7 42. Kg1 Rd8 43. Rd1 Kf8 44. Rd5 Ke7 45. Nxa5 Rxd7 46. Rxd7+ Kxd7 47. Nb3 Bb6+ 48. Kf1 Kc6 49. Ke2 Kd5 50. a4 Kc4 51. Nd2+ Kd5 52. Nb3 Kc4 53. a5 Ba7 54. Nd2+ Kd5 55. a6 e3 56. Nf1 Kc6 57. Nxe3 Kb5 58. Nf5 g6 59. Ng7 Kxa6 60. Ne6 h6 61. Nf8 g5 62. Nh7 Bc5 63. Kf3 1-0

[Event "NZL-ch op 123rd"]
[Site "Auckland"]
[Date "2016.01.06"]
[Round "5"]
[White "Hair, Philip I"]
[Black "Zhang, Jasmine Haomo"]
[Result "1/2-1/2"]
[WhiteElo "1932"]
[BlackElo "1674"]
[PlyCount "89"]
[EventDate "2016.01.02"]
[EventType "swiss"]
[EventRounds "9"]
[EventCountry "NZL"]
[SourceTitle "CBM 170 Extra"]
[Source "ChessBase"]
[SourceDate "2016.02.25"]
[SourceVersion "1"]
[SourceVersionDate "2016.02.25"]
[SourceQuality "1"]

1. e4 c5 2. Nc3 Nc6 3. g3 g6 4. Bg2 Bg7 5. d3 e6 6. Be3 d6 7. Qd2 Nge7 8. Bh6 0-0 9. Bxg7 Kxg7 10. Nge2 e5 11. 0-0 Be6 12. f4 Qd7 13. Rf2 f5 14. Raf1 Rab8 15. a3 b6 16. Nd5 Rbe8 17. c3 Kg8 18. Ne3 d5 19. exf5 Nxf5 20. fxe5 Nxe5 21. Bh3 Nxe3 22. Bxe6+ Qxe6 23. Rxf8+ Rxf8 24. Rxf8+ Kxf8 25. Qxe3 Qf5 26. Nc1 d4 27. cxd4 cxd4 28. Qe2 Kg7 29. Kg2 Qe6 30. Qe4 Qd6 31. Qb7+ Qd7 32. Qxd7+ Nxd7 33. Ne2 Nc5 34. Nxd4 Nxd3 35. Nc6 Nxb2 36. Nxa7 Nc4 37. Nb5 Kf7 38. Kf3 Ke6 39. Ke4 Nd2+ 40. Kf4 h6 41. h4 Nc4 42. g4 Kf6 43. Nc3 Ke6 44. a4 Nb2 45. Ke4 1/2-1/2

[Event "Auckland North Shore op 41st"]
[Site "Auckland"]
[Date "2014.09.07"]
[Round "4"]
[White "Zhang, Leo"]
[Black "Hair, Philip I"]
[Result "1-0"]
[WhiteElo "1839"]
[BlackElo "1940"]
[PlyCount "123"]
[EventDate "2014.09.06"]
[EventType "swiss"]
[EventRounds "5"]
[EventCountry "NZL"]
[SourceTitle "CBM 162 Extra"]
[Source "ChessBase"]
[SourceDate "2014.10.17"]
[SourceVersion "1"]
[SourceVersionDate "2014.10.17"]
[SourceQuality "1"]

1. d4 Nf6 2. c4 d6 3. Nc3 c6 4. e4 e5 5. Nf3 Nbd7 6. h3 Be7 7. Be3 0-0 8. Be2 Re8 9. Qc2 Bf8 10. 0-0-0 a6 11. g4 b5 12. g5 b4 13. Na4 exd4 14. Nxd4 Nxe4 15. Nxc6 Qc7 16. Nxb4 Bb7 17. Rhg1 Rac8 18. b3 Qa5 19. Nd5 Bxd5 20. Rxd5 Qxd5 21. cxd5 Rxc2+ 22. Kxc2 Nxf2 23. Rg3 Ne4 24. Rg2 Re5 25. Bxa6 Rxd5 26. Bb7 Re5 27. Bf4 Rf5 28. Bxe4 Rxf4 29. Nc3 Nc5 30. Bd5 Ne6 31. a4 Be7 32. a5 Nc7 33. Bc4 Rf5 34. a6 d5 35. Bd3 Rxg5 36. Rxg5 Bxg5 37. a7 Be3 38. Nxd5 Bxa7 39. Nxc7 g5 40. Bf5 Kg7 41. Ne8+ Kf8 42. Nf6 h6 43. Kd3 Kg7 44. Nh5+ Kf8 45. Ke4 Ke7 46. Kd5 Bb8 47. b4 Bh2 48. b5 Bb8 49. Bg4 Bh2 50. Kc6 Be5 51. b6 Bh2 52. Kd5 Bb8 53. Ke4 Bh2 54. Kf5 Bd6 55. Nf6 Kf8 56. b7 Bh2 57. b8Q+ Bxb8 58. Nd7+ Kg8 59. Nxb8 Kg7 60. Nd7 f6 61. Nxf6 Kf7 62. Nh5 1-0

[Event "North Shore op-A 38th"]
[Site "North Shore"]
[Date "2012.09.22"]
[Round "1"]
[White "Duneas, John"]
[Black "Hair, Philip I"]
[Result "1-0"]
[WhiteElo "2089"]
[BlackElo "1961"]
[PlyCount "135"]
[EventDate "2012.09.22"]
[EventType "swiss"]
[EventRounds "5"]
[EventCountry "NZL"]
[SourceTitle "EXT 2018"]
[Source "ChessBase"]
[SourceDate "2017.10.13"]
[SourceVersion "1"]
[SourceVersionDate "2017.10.13"]
[SourceQuality "1"]

1. d4 Nf6 2. c4 d6 3. Nc3 c6 4. e4 e5 5. Nf3 Nbd7 6. Be2 Be7 7. 0-0 0-0 8. h3 Re8 9. Be3 Bf8 10. d5 Nc5 11. Qc2 a5 12. a3 Na6 13. dxc6 bxc6 14. Rfd1 Qc7 15. Na4 Rb8 16. Rd2 Nc5 17. Nxc5 dxc5 18. Ne1 Be6 19. Bf3 Nd7 20. Rad1 Nb6 21. Be2 Rbd8 22. Rxd8 Rxd8 23. Rxd8 Qxd8 24. Qc3 Nd7 25. b3 Bd6 26. Bg4 Bxg4 27. hxg4 Bc7 28. Qd2 h6 29. f3 Qe7 30. a4 Kh7 31. Qd3 Kg8 32. Bd2 Kh8 33. Bc3 f6 34. Nc2 Nf8 35. Ne3 g6 36. Nf1 Ne6 37. Qd2 Kg7 38. Bxa5 Nd4 39. Bxc7 Qxc7 40. Qd3 Qb7 41. Nd2 Qb4 42. Kf2 Kh7 43. g3 Kg7 44. f4 Kh7 45. g5 hxg5 46. fxg5 f5 47. Ke3 fxe4 48. Kxe4 Qb8 49. Nf3 Qe8 50. g4 Qe7 51. Qe3 Kg7 52. Nxe5 Ne6 53. Kd3 Nxg5 54. Nxc6 Qd7+ 55. Kc2 Qxg4 56. Qxc5 Qe2+ 57. Kb1 Ne4 58. Qd4+ Kh6 59. Kc1 g5 60. Ne5 Qe1+ 61. Kb2 Qe2+ 62. Ka3 Nd2 63. Qd6+ Kh5 64. Qg6+ Kh4 65. Qh6+ Kg3 66. Qxg5+ Kf2 67. Ng4+ Ke1 68. Qe3 1-0

[Event "North Shore op-A"]
[Site "Auckland"]
[Date "2010.10.10"]
[Round "4"]
[White "Gao, Judy"]
[Black "Hair, Philip I"]
[Result "0-1"]
[WhiteElo "1903"]
[BlackElo "1973"]
[PlyCount "100"]
[EventDate "2010.10.09"]
[EventType "swiss"]
[EventRounds "5"]
[EventCountry "NZL"]
[SourceTitle "EXT 2018"]
[Source "ChessBase"]
[SourceDate "2017.10.13"]
[SourceVersion "1"]
[SourceVersionDate "2017.10.13"]
[SourceQuality "1"]

1. d4 e6 2. Bf4 f5 3. Nf3 Nf6 4. e3 Be7 5. Bd3 b6 6. Nbd2 Bb7 7. c3 0-0 8. Qe2 Ne4 9. h3 d6 10. 0-0-0 c5 11. g4 d5 12. Ne5 Nc6 13. f3 Nxe5 14. Bxe5 Nxd2 15. Qxd2 Bd6 16. f4 Bc6 17. Rdg1 Bxe5 18. fxe5 Qh4 19. Qg2 f4 20. Qf3 fxe3 21. Qxe3 cxd4 22. cxd4 Qf2 23. Qxf2 Rxf2 24. Rf1 Raf8 25. Rxf2 Rxf2 26. Rf1 Rh2 27. Rf3 Be8 28. Ba6 Bg6 29. Bc8 Rc2+ 30. Kd1 Rxc8 31. Ra3 a5 32. h4 Rc4 33. h5 Rxd4+ 34. Ke2 Bb1 35. Rb3 b5 36. Rxb5 Bd3+ 37. Ke3 Bxb5 38. Kxd4 Be2 39. g5 Bxh5 40. b3 Bg6 41. a3 h5 42. gxh6 gxh6 43. b4 axb4 44. axb4 Be8 45. Ke3 h5 46. Kf4 Kg7 47. Kg5 d4 48. Kf4 d3 49. Kf3 Bb5 50. Ke3 h4 0-1